Changes in consumer behaviour – dealing with insecurities in tourism industry with special focus on Hungary

Bibliographic Details
Main Author: Rétszilasi Melinda
Other Authors: Kovács dr. Miklós
Format: Thesis
Kulcsszavak:consumer behaviour
Insecurity
Hungary
Online Access:http://dolgozattar.uni-bge.hu/15932

MARC

LEADER 00000nta a2200000 i 4500
001 dolg15932
005 20180919145143.0
008 180509suuuu hu om 000 eng d
040 |a BGE Dolgozattár Repozitórium  |b hun 
041 |a en 
100 1 |a Rétszilasi Melinda 
245 1 0 |a Changes in consumer behaviour – dealing with insecurities in tourism industry with special focus on Hungary  |c Rétszilasi Melinda  |h [elektronikus dokumentum] 
246 1 1 |a Changes in consumer behaviour – dealing with insecurities in tourism industry with special focus on Hungary 
695 |a consumer behaviour 
695 |a Insecurity 
695 |a Hungary 
700 1 |a Kovács dr. Miklós  |e ths 
856 4 0 |u http://dolgozattar.uni-bge.hu/15932/1/R%C3%A9tszilasiMelindaThesis2018.05.08.pdf  |z Dokumentum-elérés